Výzkum není direct marketing

Správa českej asociácie výskumu trhu SIMAR o výkonoch výskumu trhu v Českej republike v r. 2006. Problematika dôveryhodnosti výskumu. Nie každý výskum je výskumom. Existencia výboru pre sťažnosti v prípade porušenia práv respondenta, klienta alebo konkurenta v súvislosti s výskumom trhu v Nemecku. V...

ver descrição completa

Na minha lista:
Detalhes bibliográficos
Autor principal: Zahradníček, Stanislav
Formato: Capítulo de Livro
Idioma:tcheco
Assuntos:
Tags: Adicionar Tag
Sem tags, seja o primeiro a adicionar uma tag!

MARC

LEADER 00000naa$a2200000$$$4500
001 0059741
005 20231018130435.8
041 0 |a cze 
044 |a CZ 
245 1 0 |a Výzkum není direct marketing  |c Stanislav Zahradníček 
520 |a Správa českej asociácie výskumu trhu SIMAR o výkonoch výskumu trhu v Českej republike v r. 2006. Problematika dôveryhodnosti výskumu. Nie každý výskum je výskumom. Existencia výboru pre sťažnosti v prípade porušenia práv respondenta, klienta alebo konkurenta v súvislosti s výskumom trhu v Nemecku. Výskum trhu zároveň aj výskumom verejnej mienky. 
610 2 0 |a výskum trhu 
610 2 0 |a agentúry 
610 2 0 |a zákazníci 
610 2 0 |a organizácie 
610 2 0 |a konkurencia 
610 2 0 |a mienka verejná 
610 2 0 |a dotazníky 
100 1 |a Zahradníček, Stanislav